MARC

LEADER 00000nam0a2200000 4500
001 48179
005 20231031031337.0
035 |a (RuTPU)RU\TPU\book\50412 
090 |a 48179 
100 |a 20030306d2001 k y0rusy50 ca 
101 0 |a rus 
102 |a RU 
105 |a a z 000zy 
200 1 |a Региональная геология и металлогения  |h № 13-14, 2001  |f Всероссийский научно-исследовательский геологический институт им. А. П. Карпинского (ВСЕГЕИ); Под ред. А. Ф. Морозов 
210 |a СПб.  |c Изд-во ВСЕГЕИ  |d 2001 
215 |a 211 с.  |c ил. 
225 1 |a Труды ВСЕГЕИ  |x 0869-7892 
610 1 |a региональная геология 
610 1 |a стратиграфия 
610 1 |a металлогения 
610 1 |a экология 
610 1 |a геоэкология 
610 1 |a окружающая среда 
610 1 |a Россия 
610 1 |a Сибирская платформа 
610 1 |a Карелия 
610 1 |a Якутия 
610 1 |a Санкт-Петербург 
610 1 |a Москва 
675 |a 55(470)  |v 3 
675 |a 553.078(470)  |v 3 
702 1 |a Морозов  |b А. Ф.  |4 340 
712 0 2 |a Всероссийский научно-исследовательский геологический институт им. А. П. Карпинского (ВСЕГЕИ)  |2 stltpush  |3 (RuTPU)RU\TPU\col\414 
801 1 |a RU  |b 63413507  |c 20030306  |g PSBO 
801 2 |a RU  |b 63413507  |c 20231006  |g PSBO 
942 |c BK